Представление документа в формате RUSMARC

Поле Инд. ПП Название Значение
Тип записи a
Библиографический уровень a
001 Контрольный номер ac6e1c58ea674cf796ba6ec0ead98ce9
005 Дата корректировки 20190925121257.0
100 a Данные общей обработки 20190925 ||| 0rusy0189 ca
101 0_ a Язык текста rus
102 a Страна публикации RU
200 1_ f Первые сведения об ответственности Е.Г. Потапенко
a Заглавие Парные нормы цивилистического процессуального права
b Общее обозначение материала Текст
210 1_ d Дата издания 2019
461 _0 1 2000
a Арбитражный и гражданский процесс
463 _0 1 2000
a № 5
v С. 9-13
1 2101
d 2019
1 0017fbd651d8ef74d69befc8aba03da9100
606 a Основная рубрика Гражданское процессуальное право
610 0_ a Ключевые слова ГРАЖДАНСКИЙ ПРОЦЕСС
a Ключевые слова АРБИТРАЖНЫЙ ПРОЦЕСС
a Ключевые слова СИСТЕМА ПРАВА
a Ключевые слова НОРМА ПРАВА
700 _1 a Фамилия Потапенко
b Имя Е.Г.
801 _0 a Страна RU
b Организация РГУП
c Дата составления 20190925
g Правила каталогизации PSBO
801 _1 a Страна RU
b Организация РГУП
c Дата составления 20190925
g Правила каталогизации PSBO
901 t Тип документа b
w Контрольный № источника 7fbd651d8ef74d69befc8aba03da9100
905 a Дата ввода 20190925